Changes in the Residential Real Estate Market in Regions of Slovakia
Skúmanie pravdivosti údajov týkajúcich sa rezidenčných nehnuteľností vo všetkých 8 slovenských krajoch. Výskum sa zaoberá najvýznamnejšími faktormi dostupnosti bývania, mierou neobsadenosti a vplyvom vládnych politík na trendy na trhu. Analýza v ôsmich krajoch identifikuje hlavné trendy, ako je stag...
Enregistré dans:
| Auteur principal: | |
|---|---|
| Autres auteurs: | , |
| Format: | Chapitre de livre |
| Langue: | anglais |
| Sujets: | |
| Tags: |
Pas de tags, Soyez le premier à ajouter un tag!
|
MARC
| LEADER | 00000naa a2200000 4500 | ||
|---|---|---|---|
| 001 | 0314797 | ||
| 005 | 20260209084334.1 | ||
| 041 | 0 | |a eng | |
| 044 | |a SK | ||
| 245 | 1 | 0 | |a Changes in the Residential Real Estate Market in Regions of Slovakia |c David Cole, Mária Murray Svidroňová, Marta Valihorová |
| 520 | |a Skúmanie pravdivosti údajov týkajúcich sa rezidenčných nehnuteľností vo všetkých 8 slovenských krajoch. Výskum sa zaoberá najvýznamnejšími faktormi dostupnosti bývania, mierou neobsadenosti a vplyvom vládnych politík na trendy na trhu. Analýza v ôsmich krajoch identifikuje hlavné trendy, ako je stagnácia príjmov, špekulatívne vlastníctvo a demografické zmeny. Výsledky poukazujú na zvýšený nesúlad medzi dopytom a ponukou bývania, najmä vo forme nadmernej neobsadenosti a rozdielov medzi mestom a vidiekom. | ||
| 610 | 2 | 0 | |a nehnuteľnosti |
| 610 | 2 | 0 | |a byty |
| 610 | 2 | 0 | |a bývanie |
| 610 | 2 | 0 | |a rezidenti |
| 610 | 2 | 0 | |a kraje |
| 610 | 2 | 0 | |a Slovensko |
| 100 | 1 | |a Cole, David | |
| 700 | 1 | |a Murray Svidroňová, Mária | |
| 700 | 1 | |a Valihorová, Marta | |